Химия. Ч. 2: Кинетика. Катализ. Окислительно-восстановительные процессы. Коррозия металлов. Жесткость воды (Запись № 142940)

Подробности
000 -МАРКЕР
контрольное поле 02686nam2a2200385 4500
001 - ИДЕНТИФИКАТОР ЗАПИСИ
контрольное поле RU\NLR\bibl\29725
005 - ИДЕНТИФИКАТОР ВЕРСИИ
контрольное поле 20260409073449.0
010 ## - МЕЖДУНАРОДНЫЙ СТАНДАРТНЫЙ НОМЕР КНИГИ (ISBN)
Номер (ISBN) 5-230-03415-7
Тираж 300
021 ## - НОМЕР ГОСУДАРСТВЕННОЙ РЕГИСТРАЦИИ
Код страны Российская Федерация
Номер 98-19930
Номер Листа государственной регистраци 947
035 ## - ДРУГИЕ СИСТЕМНЫЕ НОМЕРА
Идентификатор записи (NLR Aleph) 000028944
100 ## - ДАННЫЕ ОБЩЕЙ ОБРАБОТКИ
Данные общей обработки 19990526d1998 |||y0rusy50 ca
101 0# - ЯЗЫК РЕСУРСА
Язык текста, звукозаписи и т.д. русский
102 ## - СТРАНА ПУБЛИКАЦИИ ИЛИ ПРОИЗВОДСТВА
Страна публикации Российская Федерация
105 ## - ПОЛЕ КОДИРОВАННЫХ ДАННЫХ: ТЕКСТОВЫЕ МАТЕРИАЛЫ, МОНОГРАФИЧЕСКИЕ
Кодированные данные о монографическом текстовом документе |||||||||||||
200 1# - ЗАГЛАВИЕ И СВЕДЕНИЯ ОБ ОТВЕТСТВЕННОСТИ
Основное заглавие Кинетика. Катализ. Окислительно-восстановительные процессы. Коррозия металлов. Жесткость воды
210 ## - ПУБЛИКАЦИЯ, РАСПРОСТРАНЕНИЕ И ДР.
Дата издания, распространения и т.д. 1998
Место издания, распространения и т.д. Б. м.
215 ## - ФИЗИЧЕСКАЯ ХАРАКТЕРИСТИКА
Специфическое обозначение материала и объем 76 с.
Другие сведения о физической характеристике ил.
320 ## - ПРИМЕЧАНИЯ О НАЛИЧИИ В ДОКУМЕНТЕ БИБЛИОГРАФИИ / УКАЗАТЕЛЯ
Текст примечания Библиогр. в конце тем
461 #0 - УРОВЕНЬ НАБОРА
Встроенное поле 001RU\NLR\bibl\32289
-- 2001#$aХимия$vЧ. 2
Системный номер (АБИС) связанной записи 157836
Место публикации Волгоград
Дата публикации 1998
Первые сведения об ответственности М-во общ. и проф. образования РФ, Волгогр. гос. архит.-строит. акад.
Имя издателя, распространителя и т.д. ВолгГАСА
Сведения, относящиеся к заглавию Справ.-метод. пособие
Заглавие Химия
Номер тома Ч. 2
606 0# - НАИМЕНОВАНИЕ ТЕМЫ КАК ПРЕДМЕТ
Наименование темы Химическая кинетика
Формальный подзаголовок Руководства, пособия и т.п. для высшей школы
Системный номер авторитетной/нормативной записи 962273
Идентификатор авторитетной/нормативной записи RU\NLR\auth\6640605
606 0# - НАИМЕНОВАНИЕ ТЕМЫ КАК ПРЕДМЕТ
Наименование темы Химическая кинетика
Формальный подзаголовок Учебные издания для высшей школы
Системный номер авторитетной/нормативной записи 962273
Идентификатор авторитетной/нормативной записи RU\NLR\auth\6640605
606 0# - НАИМЕНОВАНИЕ ТЕМЫ КАК ПРЕДМЕТ
Наименование темы Катализ
Формальный подзаголовок Руководства, пособия и т.п. для высшей школы
Системный номер авторитетной/нормативной записи 1056294
Идентификатор авторитетной/нормативной записи RU\NLR\auth\6690841
606 0# - НАИМЕНОВАНИЕ ТЕМЫ КАК ПРЕДМЕТ
Наименование темы Катализ
Формальный подзаголовок Учебные издания для высшей школы
Системный номер авторитетной/нормативной записи 1056294
Идентификатор авторитетной/нормативной записи RU\NLR\auth\6690841
606 0# - НАИМЕНОВАНИЕ ТЕМЫ КАК ПРЕДМЕТ
Наименование темы Окислительно-восстановительные реакции
Формальный подзаголовок Руководства, пособия и т.п. для высшей школы
Системный номер авторитетной/нормативной записи 930655
Идентификатор авторитетной/нормативной записи RU\NLR\auth\6624056
606 0# - НАИМЕНОВАНИЕ ТЕМЫ КАК ПРЕДМЕТ
Наименование темы Окислительно-восстановительные реакции
Формальный подзаголовок Учебные издания для высшей школы
Системный номер авторитетной/нормативной записи 930655
Идентификатор авторитетной/нормативной записи RU\NLR\auth\6624056
606 0# - НАИМЕНОВАНИЕ ТЕМЫ КАК ПРЕДМЕТ
Наименование темы Вода
Формальный подзаголовок Руководства, пособия и т.п. для высшей школы
Тематический подзаголовок Жесткость
Системный номер авторитетной/нормативной записи 1194441
Идентификатор авторитетной/нормативной записи RU\NLR\auth\66164706
606 0# - НАИМЕНОВАНИЕ ТЕМЫ КАК ПРЕДМЕТ
Наименование темы Вода
Формальный подзаголовок Учебные издания для высшей школы
Тематический подзаголовок Жесткость
Системный номер авторитетной/нормативной записи 1194441
Идентификатор авторитетной/нормативной записи RU\NLR\auth\66164706
606 0# - НАИМЕНОВАНИЕ ТЕМЫ КАК ПРЕДМЕТ
Наименование темы Коррозия и защита от нее
Формальный подзаголовок Руководства, пособия и т.п. для высшей школы
Системный номер авторитетной/нормативной записи 950978
Идентификатор авторитетной/нормативной записи RU\NLR\auth\6634727
606 ## - НАИМЕНОВАНИЕ ТЕМЫ КАК ПРЕДМЕТ
Наименование темы Металлы
Тематический подзаголовок Коррозия и защита от нее
Формальный подзаголовок Учебные издания для высшей школы
Идентификатор авторитетной/нормативной записи RU\NLR\auth\661264607
Системный номер авторитетной/нормативной записи 2089021
801 #0 - ИСТОЧНИК ЗАПИСИ
Страна Российская Федерация
Организация NLR
Дата составления 19990526
Правила каталогизации PSBO
801 #1 - ИСТОЧНИК ЗАПИСИ
Страна Российская Федерация
Организация NLR
Дата составления 19990526
852 ## - МЕСТОНАХОЖДЕНИЕ И ШИФР ХРАНЕНИЯ
Идентификатор организации NLR
Шифр хранения (Call Number) 99-4/2337
942 ## - ДОПОЛНИТЕЛЬНЫЕ ЭЛЕМЕНТЫ ЗАПИСИ (АБИС)
Тип экземпляра АБИС Книга
980 ## - КОЛЛЕКЦИЯ
Название коллекции Национальная библиография
Экземпляры
Тип экземпляра Дата поступления Библиотека постоянного хранения Библиотека текущего хранения Место хранения Шифр хранения Штрих-код Статус экземпляра
Книга 26.10.2013 РНБ (Московский) РНБ (Московский) Русский книжный фонд: издания с 1957 года 99-4/2337 28944-10